| 000 | 00960cam a2200289 i 4500 | ||
|---|---|---|---|
| 001 | 61490 | ||
| 003 | Mx-PuUPA | ||
| 005 | 20250519095850.0 | ||
| 008 | 141003s2005 it a gr 000 0 ita d | ||
| 040 |
_aMx-PuUPA _bspa _cMx-PuUPA _dMx-PuUPA _erda |
||
| 041 | 0 | _aita | |
| 100 | 1 |
_aCampiti, Maria _eautor _917065 |
|
| 245 | 1 | 0 |
_a"Stella-Fulgente" di Guadalupe / _cMaria Campiti. |
| 250 | _a1a. edición | ||
| 264 | 1 |
_aItalia : _bA Cura del Giomalista don Theo Francavilla, _c2005 |
|
| 300 |
_a159 páginas : _bilustraciones ; _c23 cm |
||
| 336 |
_atexto _2rdacontent _btxt |
||
| 336 |
_aimagen fija _2rdacontent _bsti |
||
| 337 |
_asin mediación _2rdamedia _bn |
||
| 338 |
_avolumen _2rdacarrier _bnc |
||
| 600 | 0 | 4 |
_aVirgen de Guadalupe _xculto _zMéxico |
| 650 | 7 |
_2armarc _aApariciones y milagros _xCatolicismo _zMéxico |
|
| 650 | 7 |
_2armarc _aHistoria |
|
| 942 |
_2ddc _cLI _h232.917 _iC72 |
||
| 999 |
_c61490 _d61490 |
||